[Event "RSA-ch U08"]
[Site "Gauteng"]
[Date "2017.04.05"]
[Round "1"]
[White "Spiller, Arin"]
[Black "Liang, Yi Xuan"]
[Result "0-1"]
[WhiteElo "829"]
[BlackElo "571"]
[PlyCount "36"]
[EventDate "2017.04.05"]
[EventType "swiss"]
[EventRounds "11"]
[EventCountry "RSA"]
[SourceTitle "CBM 177 Extra"]
[Source "ChessBase"]
[SourceDate "2017.04.27"]
[SourceVersion "1"]
[SourceVersionDate "2017.04.27"]
[SourceQuality "1"]

1. e4 g6 2. Nf3 Bg7 3. Bc4 Nc6 4. 0-0 Nf6 5. Nc3 0-0 6. d3 e5 7. Bg5 d6 8. h3 Bd7 9. Nd5 Nd4 10. Nxd4 exd4 11. Re1 h6 12. Bh4 g5 13. Bg3 h5 14. Nxf6+ Bxf6 15. Qxh5 Qe7 16. Rad1 b5 17. Bd5 a5 18. a4 bxa4 0-1